00793nam a2200181 i 4500001000400000245007800004260007000082300006100152501011200213505005000325650003600375710003000411020001500441040000800456041000800464008004100472856009800513bgj00aThe World Book Encyclopedia.nVol. 2,pB /cpublished by World Book, Inc. aChicago :bWorld Book - Childcraft International, Inc.,cc. 1980. a638, [2] pp. :bill., maps, tables (some col.) ;c26 cm. aAn encyclopedia designed especially to meet the needs of elementary, junior high, and high school students. aIncludes Research Guide and Index in vol. 22. 9aEncyclopedies and |dictionariesp0aWorld Book, Inc.aChicago a0716600803 cBPK0 aeng s uk f |000 0 eng  uhttp://koha.tu.koszalin.pl/cgi-bin/koha/opac-detail.pl?biblionumber=41432yKatalog online BPK